header

Roasting chestnuts (Record no. 88490)

MARC details
000 -LEADER
fixed length control field 01265nam a2200313Ia 4500
100 1# - MAIN ENTRY--AUTHOR NAME
Personal name Stewart, Ian Hampton,
245 10 - TITLE STATEMENT
Title Roasting chestnuts
260 ## - PUBLICATION, DISTRIBUTION, ETC. (IMPRINT)
Place of publication Vancouver :
Name of publisher UBC Press,
Year of publication c1994.
300 ## - PHYSICAL DESCRIPTION
Number of Pages xii, 198 p. :
Other physical details ill.
650 #0 - SUBJECT ADDED ENTRY--TOPICAL TERM
Topical Term Political culture
856 40 - ELECTRONIC LOCATION AND ACCESS
Uniform Resource Identifier http://site.ebrary.com/lib/rucke/Doc?id=10146830

No items available.

© 2026 Rongo University
Contact us: librarian | system librarian | Rongo university